Normal view
MARC view
Entry Topical Term
001 - CONTROL NUMBER
- control field: 27724
003 - CONTROL NUMBER IDENTIFIER
- control field: MY-SjTCS
005 - DATE AND TIME OF LATEST TRANSACTION
- control field: 20191205122553.0
008 - FIXED-LENGTH DATA ELEMENTS
- fixed length control field: 110825 | acn||bab| n a|a d
039 #9 -
- : 201108251009
- : wilmina
040 ## - CATALOGING SOURCE
- Original cataloging agency: MY-SjTCS
- Transcribing agency: MY-SjTCS
150 ## - HEADING--TOPICAL TERM
- Topical term or geographic name entry element: Adulthood.
450 ## - SEE FROM TRACING--TOPICAL TERM
- Topical term or geographic name entry element: Adults
450 ## - SEE FROM TRACING--TOPICAL TERM
- Topical term or geographic name entry element: Grown-ups
450 ## - SEE FROM TRACING--TOPICAL TERM
- Topical term or geographic name entry element: Grownups
550 ## - SEE ALSO FROM TRACING--TOPICAL TERM
- Control subfield: g
- Topical term or geographic name entry element: Age groups
550 ## - SEE ALSO FROM TRACING--TOPICAL TERM
- Control subfield: g
- Topical term or geographic name entry element: Life cycle, Human
999 ## -
- : VIRTUA40 y
999 ## -
- : VTLSSORT0080*1500*4500*4501*4502*5500*5501*9991